1544 1524 1056 1488 1638 1399 1475 1700 1256 1610 1726 1556 1643 1920 1188 1121 1135 1432 1141 1052 1296 1700 1514 1285 1995 1816 1114 1056 1654 1616 1112 1574 1383 1440 1926 1304 1946 1995 1403 1229 1174 1118 1417 1045 1150 1913 1399 1511 1493 1307 1444 1641 1615 1849 1915 1417 1123 1376 1710 1612 1083 1122 1011 1265 1584 1923 1183 1418 1199 1817 1345 1201 1769 1010 1999 1339 1147 1565 1095 1662 1403 1708 1148 1385 1393 1460 1436 1207 1238 1684 1840 1320 1484 1145 1716 1259 1392 1705 1092 BCNSPRNW ULIB Ver.6.0+V

เปลี่ยนเป็นภาษาไทย

Change to English
 แสดงรายละเอียดบรรณานุกรม
  กลับหน้าหลัก

Brief Record : Get Marc (ISO 2709) : E-mail record : QR code < ปิดหน้าต่าง
LEADER : 00000nam 2200000uu 4500
001    13399124338
003     ULIB
008    150424s2557||||th 000 0 tha d
020    ^a9786161119638
060    ^aWA540.JT3^bค695
100    ^aอุษา ฉายเกล็ดแก้ว,^eบรรณาธิการ
245    ^aคู่มือการประเมินเทคโนโลยีด้านสุขภาพสำหรับประเทศไทย ฉบับที่ 2 พ.ศ.2556/^cบรรณาธิการ :อุษา ฉายเกล็ดแก้ว ... [และคนอื่นๆ]
250    ^aพิมพ์ครั้งที่ 1
260    ^aนนทบุรี :^bวัชรินทร์ พี.พี.,^c2557
300    ^a271 หน้า;^b23 ซม.
650    ^aเทคโนโลยีด้านสุขภาพ^xคู่มือ
700    ^aยศ ตีระวัฒนานนท์,^eบรรณาธิการ
945    ^p250^l0^i039364
945    ^p250^l0^i039365
945    ^p250^l0^i039366
999    ^aทศพร
รายการนี้ยังไม่มีแท็ก
คุณยังไม่ได้ล็อกอิน คุณสามารถมีกิจกรรมร่วมกับเว็บไซต์ได้ แต่ต้องล็อกอินก่อน ::
  ล็อกอิน

รายการสื่อสารสนเทศ

ลำดับที่ ประเภท เลขเรียก/บาร์โค้ด สถานที่ สถานะ
1. วิทยาศาสตร์การแพทย์ และสุขภาพ
วิทยาศาสตร์การแพทย์ และสุขภาพ
สถานะ=หนังสือเก่า
WA540.JT3 ค695 ฉ.1 
  Barcode: 039364
ห้องสมุดวิทยาเขตสวรรค์ประชารักษ์
►ส่วนจัดเก็บหนังสือเก่า สปร
บนชั้น
  ขอยืม
2. วิทยาศาสตร์การแพทย์ และสุขภาพ
วิทยาศาสตร์การแพทย์ และสุขภาพ
สถานะ=หนังสือเก่า
WA540.JT3 ค695 ฉ.2 
  Barcode: 039365
ห้องสมุดวิทยาเขตสวรรค์ประชารักษ์
►ส่วนจัดเก็บหนังสือเก่า สปร
บนชั้น
  ขอยืม
3. วิทยาศาสตร์การแพทย์ และสุขภาพ
วิทยาศาสตร์การแพทย์ และสุขภาพ
สถานะ=หนังสือเก่า
WA540.JT3 ค695 ฉ.3 
  Barcode: 039366
ห้องสมุดวิทยาเขตสวรรค์ประชารักษ์
►ส่วนจัดเก็บหนังสือเก่า สปร
บนชั้น
  ขอยืม

BibComment


ยังไม่เคยถูกคอมเมนท์

คอมเมนท์ทรัพยากรรายการนี้
  คอมเมนท์: คู่มือการประเมิน..


 Copyright 2026. Bcnsprnw @Library